00827nam a22001817a 450000500170000000800410001702000180005804000070007604100080008308200200009110000130011124500380012426000340016230000240019636500620022052003170028265000460059920240902111617.0240902b ||||| |||| 00| 0 eng d a9789391945268 cAL aeng 223a361.3bRATM aRathwa R aMaster handbook social work Vol.1 aJaipurbMark Publishersc2024 a250p.bHBc24x16cm. 2Generala44b₹1277.50c₹d₹1750.00e27%f20/08/2024 aSystem of social work; psychology and social work; social work application; research in social work; theory of social work; women and social work; role of families in social work; implications for social work; understanding of society and social work; learning social work; social psychology and social problems. 2Social Problems and ServicesaSocial Work